000 00640nam a22001817a 4500
003 BD-DhUL
005 20180522131615.0
008 180522s1957 ii ||||| |||| 00| 0 ben d
040 _aBD-DhUL
_cBD-DhUL
082 _a891.443
_bSAA
100 1 _aভট্টাচার্য, সঞ্জয়
245 0 0 _aঅপরা /
_cসঞ্জয় ভট্টাচার্য
260 _aকলিকাতা :
_bনিউ স্ক্রিপ্ট,
_c১৯৫৭।
300 _a১৪২ পৃ. ;
_c২২ সেমি.।
650 4 _aবাংলা উপন্যাস
650 4 _aBengali fiction
942 _2ddc
_cBK
999 _c241452
_d241452